| 000 | 00800nam a2200277Ia 4500 | ||
|---|---|---|---|
| 008 | 171025s9999 xx 000 0 und d | ||
| 020 | _a4806523174343 | ||
| 050 | _a332.02 | ||
| 050 | _bL783 2015 | ||
| 100 | _aLiuson, Andrew I. | ||
| 245 | 4 | _aThe debt-free lifestyle : | |
| 245 | _bten principle that can revolutionize your life / | ||
| 245 | _cby Andrew I. Liuson and Leah M. Darwin ; foreword by Steve B. Douglas. | ||
| 250 | _aRevised edition. | ||
| 260 | _aMakati City, Philippines : | ||
| 260 | _bCross Over Books, | ||
| 260 | _c2015 | ||
| 300 | _a216 pages : | ||
| 300 | _billustrations ; | ||
| 300 | _c18cm. | ||
| 500 | _aIncludes indexes and endnotes. | ||
| 650 | _aPersonal finance. | ||
| 700 | _aDarwin, Leah M. | ||
| 700 | _aDouglas, Steve B. | ||
| 700 | _aTitle. | ||
| 999 |
_c344855 _d344855 |
||